Survey of Scottish housing stock launched (Record no. 69278)

MARC details
000 -LEADER
fixed length control field 00849cam a2200205 4500
001 - CONTROL NUMBER
control field WB3802-16
008 - FIXED-LENGTH DATA ELEMENTS--GENERAL INFORMATION
fixed length control field 020115n2002 000 0 eng u
035 ## - SYSTEM CONTROL NUMBER
System control number (Sirsi) u116298
245 ## - TITLE STATEMENT
Title Survey of Scottish housing stock launched
260 ## - PUBLICATION, DISTRIBUTION, ETC.
Date of publication, distribution, etc. 2002
490 ## - SERIES STATEMENT
Series statement Housing Today
Volume/sequential designation (266) 10 January 2001, 5(1)
520 ## - SUMMARY, ETC.
Summary, etc. Communities Scotland, on behalf of the Scottish Executive, is to carry out the most comprehensive study of Scotland's housing stock to date, to inform future housing policy. Two linked surveys will examine the physical condition of 30,000 homes, and a social survey will examine the quality of life in neighbourhoods. Results to be published mid-2003.
590 ## - LOCAL NOTE (RLIN)
Local note WB
650 ## - SUBJECT ADDED ENTRY--TOPICAL TERM
Topical term or geographic name entry element HOUSING STOCK
650 ## - SUBJECT ADDED ENTRY--TOPICAL TERM
Topical term or geographic name entry element HOUSING SURVEY
650 ## - SUBJECT ADDED ENTRY--TOPICAL TERM
Topical term or geographic name entry element HOUSING CONDITION
650 ## - SUBJECT ADDED ENTRY--TOPICAL TERM
Topical term or geographic name entry element SCOTLAND
690 ## - LOCAL SUBJECT ADDED ENTRY--TOPICAL TERM (OCLC, RLIN)
Topical term or geographic name as entry element HOUSING
942 ## - ADDED ENTRY ELEMENTS (KOHA)
Suppress in OPAC 0
Holdings
Withdrawn status Lost status Source of classification or shelving scheme Damaged status Not for loan Home library Current library Shelving location Date acquired Total Checkouts Full call number Barcode Date last seen Copy number Price effective from Koha item type
    Dewey Decimal Classification     London London News article 15/01/2002   WB3802-16 116298-1001 06/08/2019 1 06/08/2019 News article